[Event "Bielefeld Gr8"]
[Site "Bielefeld"]
[Date "2006.06.05"]
[Round "6"]
[White "Last, Tobias"]
[Black "Lengnick, Dominik"]
[Result "0-1"]
[WhiteElo "767"]
[BlackElo "1056"]
[PlyCount "96"]
[EventDate "2006.06.02"]
[EventType "swiss"]
[EventRounds "7"]
[EventCountry "GER"]
[SourceTitle "EXT 2007"]
[Source "ChessBase"]
[SourceDate "2006.11.23"]
[SourceVersion "1"]
[SourceVersionDate "2006.11.23"]
[SourceQuality "1"]

1. e4 e5 2. Nf3 Nc6 3. Bc4 Nf6 4. d3 d6 5. 0-0 Be7 6. Nc3 Bg4 7. h3 Bh5 8. Be3 0-0 9. Qe2 Qd7 10. Rad1 Nd4 11. Bxd4 exd4 12. Bb5 c6 13. Ba4 dxc3 14. bxc3 Rfe8 15. c4 b5 16. cxb5 cxb5 17. Bb3 d5 18. e5 Bd6 19. d4 Ne4 20. Qe3 Bb4 21. Rc1 Bxf3 22. Qxf3 Nd2 23. Qd3 Nxf1 24. Rxf1 a6 25. c3 Ba3 26. Bc2 Rac8 27. Qxh7+ Kf8 28. Qh8+ Ke7 29. Qh4+ f6 30. Re1 g5 31. exf6+ Kxf6 32. Qh6+ Kf7 33. Bg6+ Kg8 34. Qh7+ Qxh7 35. Bxh7+ Kxh7 36. Rd1 Rxc3 37. Rf1 Rc1 38. Rxc1 Bxc1 39. g3 a5 40. Kf1 a4 41. Kg2 b4 42. g4 b3 43. axb3 axb3 44. h4 gxh4 45. Kh3 b2 46. Kxh4 b1Q 47. Kh5 Bf4 48. f3 Qh1# 0-1

[Event "Bielefeld Gr8"]
[Site "Bielefeld"]
[Date "2006.06.04"]
[Round "4"]
[White "Gohlke, Philipp"]
[Black "Lengnick, Dominik"]
[Result "1/2-1/2"]
[WhiteElo "1387"]
[BlackElo "1056"]
[PlyCount "54"]
[EventDate "2006.06.02"]
[EventType "swiss"]
[EventRounds "7"]
[EventCountry "GER"]
[SourceTitle "EXT 2007"]
[Source "ChessBase"]
[SourceDate "2006.11.23"]
[SourceVersion "1"]
[SourceVersionDate "2006.11.23"]
[SourceQuality "1"]

1. e4 e5 2. Nf3 d6 3. Bc4 Be7 4. 0-0 Nc6 5. c3 Nf6 6. Re1 0-0 7. d4 exd4 8. cxd4 Bg4 9. Re3 Bxf3 10. Rxf3 Nxe4 11. Qd3 Nf6 12. Bg5 Nb4 13. Qd2 d5 14. Bxf6 Bxf6 15. Bb3 Nc6 16. Rd3 Re8 17. Nc3 Na5 18. Nxd5 Nxb3 19. Nxf6+ Qxf6 20. Rxb3 b6 21. Rc1 c6 22. Rbc3 Rac8 23. d5 Red8 24. Rd3 cxd5 25. Rxc8 Rxc8 26. Rxd5 Re8 27. h3 h6 1/2-1/2